Organizational Theory, Design, and Change (Record no. 4070)
[ view plain ]
| 000 -LEADER | |
|---|---|
| fixed length control field | 00487nam a22001697a 4500 |
| 005 - DATE AND TIME OF LATEST TRANSACTION | |
| control field | 20250221194438.0 |
| 008 - FIXED-LENGTH DATA ELEMENTS--GENERAL INFORMATION | |
| fixed length control field | 250221b |||||||| |||| 00| 0 eng d |
| 020 ## - INTERNATIONAL STANDARD BOOK NUMBER | |
| International Standard Book Number | 9780136077084 |
| 050 ## - LIBRARY OF CONGRESS CALL NUMBER | |
| Classification number | HD58.7 |
| Item number | .J62 JON |
| 100 ## - MAIN ENTRY--PERSONAL NAME | |
| Personal name | Jones Gareth R. |
| 245 ## - TITLE STATEMENT | |
| Title | Organizational Theory, Design, and Change |
| Statement of responsibility, etc. | Gareth R. Jones |
| 250 ## - EDITION STATEMENT | |
| Edition statement | 6th Ed. |
| 260 ## - PUBLICATION, DISTRIBUTION, ETC. | |
| Place of publication, distribution, etc. | New Jersey |
| Name of publisher, distributor, etc. | Prentice Hall |
| Date of publication, distribution, etc. | 2010 |
| 300 ## - PHYSICAL DESCRIPTION | |
| Extent | xxii. 521p. |
| Other physical details | ill. col. |
| Dimensions | 28 cm |
| 650 ## - SUBJECT ADDED ENTRY--TOPICAL TERM | |
| Source of heading or term | Management |
| 942 ## - ADDED ENTRY ELEMENTS (KOHA) | |
| Source of classification or shelving scheme | Library of Congress Classification |
| Koha item type | Books |
| Edition | 6th Ed. |
| Suppress in OPAC | No |
| 999 ## - | |
| -- | 4070 |
| -- | 4070 |
| Withdrawn status | Lost status | Source of classification or shelving scheme | Damaged status | Not for loan | Collection | Home library | Current library | Shelving location | Date acquired | Total checkouts | Full call number | Barcode | Date last seen | Copy number | Price effective from | Koha item type |
|---|---|---|---|---|---|---|---|---|---|---|---|---|---|---|---|---|
| Library of Congress Classification | Non-fiction | Business Library (Miotso) | Business Library (Miotso) | General stacks | 02/21/2025 | HD58.7 .J62 JON | BSSM00000920 | 02/21/2025 | 1 | 02/21/2025 | Books |